Good cop environmental NGOs and their strategies toward business
Αποθηκεύτηκε σε:
| Άλλοι συγγραφείς: | |
|---|---|
| Μορφή: | Βιβλίο |
| Γλώσσα: | English |
| Δημοσίευση: |
New York :
Resources for the Future,
2010.
|
| Θέματα: | |
| Ετικέτες: |
Προσθήκη ετικέτας
Δεν υπάρχουν, Καταχωρήστε ετικέτα πρώτοι!
|
MARC
| LEADER | 00000nam a2200000 a 4500 | ||
|---|---|---|---|
| 001 | 1/111513 | ||
| 008 | 160825s2010####nyu|||||||||||||| ||eng|| | ||
| 020 | |a 9781933115771 | ||
| 040 | |a GR-MyUa |b gre |c GR-MyUa |e AACR2 | ||
| 041 | 0 | |a eng | |
| 082 | 7 | |a 363.7 |2 (23) | |
| 245 | 0 | 0 | |a Good cop/bad cop : |b environmental NGOs and their strategies toward business / |c editor : Thomas P. Lyon. |
| 260 | |a New York : |b Resources for the Future, |c 2010. | ||
| 300 | |a xx, 282 σ. ; |c 24 εκ. | ||
| 504 | |a Περιέχει βιβλιογραφία και ευρετήριο. | ||
| 650 | 0 | |a Non-governmental organizations |x Environmental aspects. | |
| 650 | 0 | |a Non-governmental organizations |x Social aspects. | |
| 650 | 0 | |a Corporations |x Environmental aspects. | |
| 650 | 0 | |a Social responsibility of business. | |
| 650 | 0 | |a Public-private sector cooperation. | |
| 700 | 1 | |a Lyon, Thomas P. |e edt | |
| 852 | |a INST |b LESVOS |c BK |e 20160825 |h 363.7 GOO |p 005100058443 |q 005100058443 |t BK |y 0 | ||
| 922 | |a 1ΕΛΗ |b 2016-05 |c Τμήμα Περιβάλλοντος |d Δρες | ||
| 970 | |a Καμάτσου |b Δέσποινα |z 25-08-2016 | ||